[Event "ch-USA w 2014"]
[Site "Saint Louis USA"]
[Date "2014.05.16"]
[Round "7.2"]
[White "Foisor,S"]
[Black "Krush,I"]
[Result "1/2-1/2"]
[WhiteElo "2238"]
[BlackElo "2489"]

1.d4 Nf6 2.c4 e6 3.Nc3 Bb4 4.Qc2 d6 5.Nf3 Nbd7 6.Bg5 h6 7.Bh4 b6 8.e3 Bb7
9.Bd3 Bxc3+ 10.Qxc3 g5 11.Bg3 Ne4 12.Qc2 f5 13.d5 Ndc5 14.Nd4 exd5 15.cxd5 Bxd5
16.f3 Nxd3+ 17.Qxd3 Nf6 18.Nxf5 Qd7 19.e4 Be6 20.Nd4 O-O 21.e5 Rae8 22.Qg6+ Kh8
23.O-O Ng8 24.exd6 cxd6 25.Rfe1 Rf6 26.Qd3 Bf7 27.Qb5 Rxe1+ 28.Rxe1 Qc7 29.a3 Ne7
30.Qe2 Nf5 31.Nxf5 Rxf5 32.Bf2 Kg8 33.Bd4 Qc4 34.Qe4 Qd5 35.Qe3 Rf4 36.Rd1 Qe6
37.Qc3 Qc4 38.Qd2 Qd5 39.Qf2 g4 40.Qe3 Qg5 41.Qf2 Rf5 42.Be3 Qg6 43.f4 Bb3
44.Rc1 Rf8 45.Qd2 Qe4 46.Rc3 Bd5 47.Rd3 Rf5 48.Rd4 Qe6 49.Kf2 h5 50.Qd3 h4
51.Qe2 Rf7 52.Kg1 Kh8 53.Rd2 Be4 54.Qf2 h3 55.Qh4+ Kg8 56.Qg5+ Bg6 57.Kf2 hxg2
58.Re2 Re7 59.Kxg2 Kf7 60.Kf2 d5 61.Qe5 Qxe5 62.fxe5 Rxe5 63.Bd4 Rh5 64.Kg3 Bf5
65.Re5 Rh3+ 66.Kf4 Rf3+ 67.Kg5 Be6 68.Re3 Rxe3 69.Bxe3 Ke7 70.Bd4 Kd6 71.Kf6 Bc8
72.Bf2 Ba6 73.Bd4 Be2 74.Kf5 Kc6 75.Ke5 Bf3 76.Bf2 Kb5 77.Kd4 Ka4 78.Kc3 Kb5  1/2-1/2

[Event "ch-USA w 2014"]
[Site "Saint Louis USA"]
[Date "2014.05.19"]
[Round "9.2"]
[White "Ni,V"]
[Black "Krush,I"]
[Result "1/2-1/2"]
[WhiteElo "2206"]
[BlackElo "2489"]

1.e4 c5 2.Nc3 e6 3.g3 Nc6 4.Bg2 g6 5.d3 Bg7 6.Be3 d6 7.Qd2 Qd7 8.Nge2 Nd4
9.Nc1 Ne7 10.Nd1 O-O 11.c3 Ndc6 12.Bh6 b6 13.h4 f6 14.Bxg7 Kxg7 15.h5 g5
16.f4 h6 17.Ne3 d5 18.Ng4 dxe4 19.fxg5 hxg5 20.h6+ Kh8 21.Rf1 e3 22.Nxe3 Ba6
23.Ng4 Nf5 24.Nxf6 Rxf6 25.g4 Rg8 26.h7 Re8 27.Qxg5 Rf7 28.Bxc6 Qxc6 29.gxf5 exf5+
30.Kd2 Qe6 31.Rg1 Rxh7 32.Qf4 Rh3 33.Kc2 Bb7 34.c4 Bf3 35.a4 Bg4 36.a5 Qh6
37.Qxh6+ Rxh6 38.axb6 axb6 39.Ra7 Rh7 40.Ra6 Re6 41.b4 cxb4 42.Kb3 Kg7 43.Kxb4 Kf6
44.d4 Kg5 45.d5 Rf6 46.Nd3 Re7 47.Ra8 Rg6 48.Nf2 Re3 49.Rf8 Kh6 50.Rf7 Re2
51.Nxg4+ fxg4 52.Rf4 Kh5 53.Rd4 Rb2+ 54.Kc3 Rf2 55.d6 Rf8 56.Kb4 Rd8 57.c5 bxc5+
58.Kxc5 Kh4 59.Kc6 Kh3 60.Kc7 Rdxd6 61.Rxd6 Rxd6 62.Kxd6 g3 63.Ke5 Kh2 64.Re1 g2
65.Kf4 g1=Q 66.Rxg1  1/2-1/2

[Event "ch-USA TB w 2014"]
[Site "Saint Louis USA"]
[Date "2014.05.20"]
[Round "1"]
[White "Krush,I"]
[Black "Abrahamyan,T"]
[Result "1-0"]
[WhiteElo "2489"]
[BlackElo "2366"]

1.d4 Nf6 2.c4 e6 3.Nc3 Bb4 4.e3 O-O 5.Bd3 d5 6.Nf3 c5 7.O-O Nc6 8.cxd5 exd5
9.dxc5 Bg4 10.Na4 Qe7 11.a3 Ba5 12.b4 Bc7 13.Bb2 Rad8 14.Be2 Rfe8 15.b5 Na5
16.Qc2 Bb8 17.Bd4 Ne4 18.Nb2 Qe6 19.Rfe1 Qh6 20.g3 Re6 21.Nh4 Bh3 22.Bf1 Bxf1
23.Rxf1 g5 24.Nf5 Qh3 25.f3 Qxf5 26.fxe4 Qxe4 27.Qf2 Qg6 28.Rad1 Rde8 29.a4 Nb3
30.Nd3 Re4 31.c6 bxc6 32.bxc6 Rc8 33.Nb4 Qe6 34.Qf6 Nxd4 35.Qxg5+ Kf8 36.Rxd4 Rxe3
37.Nxd5 Re2 38.Nf6 Be5 39.Rd7 Bxf6 40.Qxf6 Qe3+ 41.Kh1 Qe4+ 42.Qf3 Qxf3+
43.Rxf3 Rxc6 44.Rdxf7+ Kg8 45.Rf2 Re4 46.Rxa7 Re1+ 47.Kg2 Ra1 48.Rd2 Rc8
49.Rdd7 h5 50.Rg7+ Kf8 51.Rh7 Kg8 52.Rxh5 Rc2+ 53.Kh3 Raa2 54.Kg4 Rc4+ 55.Kh3 Rcc2
56.Rg5+ Kf8 57.Rf5+ Kg8 58.Kg4 Rc4+ 59.Kg5 Rxh2 60.Rb5 Rc8 61.Kg6 Kh8 62.g4 Rg8+
63.Kf5 Rf2+ 64.Ke6 Rg6+ 65.Kd5 Rg5+ 66.Kc6 Rf6+ 67.Kb7 Rxg4 68.Ka8 Kg8 69.a5 Ra4
70.a6 Rf8+ 71.Rb8 Rb4 72.Rb7 Ra4 73.Rxf8+ Kxf8 74.a7 Ke8 75.Kb8 Kd8 76.a8=Q  1-0

[Event "ch-USA TB w 2014"]
[Site "Saint Louis USA"]
[Date "2014.05.20"]
[Round "2"]
[White "Abrahamyan,T"]
[Black "Krush,I"]
[Result "1/2-1/2"]
[WhiteElo "2366"]
[BlackElo "2489"]

1.e4 c5 2.Nf3 Nc6 3.d4 cxd4 4.Nxd4 e5 5.Nb5 d6 6.N1c3 a6 7.Na3 Be7 8.Nc4 b5
9.Ne3 Nf6 10.Bd3 O-O 11.O-O Rb8 12.Ncd5 Nxd5 13.Nxd5 Bg5 14.c3 Bxc1 15.Rxc1 Be6
16.a4 Bxd5 17.exd5 Ne7 18.axb5 axb5 19.f4 Qb6+ 20.Kh1 Nxd5 21.Bxh7+ Kxh7
22.Qxd5 exf4 23.Rxf4 Kg8 24.Rcf1 Qc5 25.Qf3 f6 26.b4 Qe5 27.Re4 Qg5 28.Qe2 Rbc8
29.Re3 Rc4 30.Qd3 Rfc8 31.Rg3 Rg4 32.Qxd6 Rxg3 33.Qe6+ Kh7 34.Qxc8 Re3 35.h3 Qe5
36.Qg4 Qxc3 37.Qf5+ Kg8 38.Qd5+ Kh7 39.Qf5+ Kg8 40.Qf2 Re5 41.Rd1 Qxb4 42.Rd8+ Kh7
43.Rd4 Qe1+ 44.Qxe1 Rxe1+ 45.Kh2 Re5 46.Kg3 Kg6 47.Kf4 Rc5 48.Rd7 Rc4+ 49.Kf3 Rc3+
50.Kf4 Rc4+  1/2-1/2

[Event "9th Edmonton Int 2014"]
[Site "Edmonton CAN"]
[Date "2014.06.22"]
[Round "2.3"]
[White "Krush,I"]
[Black "Haessel,D"]
[Result "1-0"]
[WhiteElo "2484"]
[BlackElo "2168"]

1.c4 Nf6 2.Nc3 c5 3.g3 d5 4.cxd5 Nxd5 5.Bg2 Nc7 6.Nf3 Nc6 7.d3 e5 8.Nd2 Bd7
9.O-O Be7 10.Nc4 f6 11.f4 b5 12.Ne3 exf4 13.Nf5 b4 14.Nxe7 Qxe7 15.Ne4 fxg3
16.Bf4 gxh2+ 17.Kh1 Ne5 18.Nxc5 Qxc5 19.d4 Qe7 20.dxe5 fxe5 21.Bg3 Rc8 22.Rc1 Rf8
23.Qd3 Ne6 24.Bxe5 Rxc1 25.Rxc1 Qg5 26.Rd1 Rf7 27.Qd6 Nd8 28.Bxh2 Re7 29.Bf3 Qb5
30.Rd4 a5 31.Rd5 Qc6  1-0

[Event "9th Edmonton Int 2014"]
[Site "Edmonton CAN"]
[Date "2014.06.24"]
[Round "4.2"]
[White "Krush,I"]
[Black "Shankland,S"]
[Result "1/2-1/2"]
[WhiteElo "2484"]
[BlackElo "2632"]

1.d4 d5 2.c4 e6 3.Nc3 Nf6 4.cxd5 exd5 5.Bg5 c6 6.e3 Bf5 7.Qf3 Bg6 8.Bxf6 Qxf6
9.Qxf6 gxf6 10.Kd2 Nd7 11.Bd3 Nb6 12.b3 a5 13.a4 Rg8 14.g3 Bb4 15.Ne2 Rc8
16.Rac1 Ke7 17.Nf4 Nd7 18.Ke2 Bd6 19.Rhg1 Bxf4 20.gxf4 Bxd3+ 21.Kxd3 f5 22.Rg3 Nf6
23.Rcg1 Rg6 24.f3 Rcg8 25.Rg5 h6 26.Rxg6 Rxg6 27.Rxg6 fxg6 28.h4 Kd6 29.Ne2 Nh5
30.Kc3 Kc7 31.Kd2 Ng7 32.Nc1 Ne6 33.Nd3 Kd6 34.Ne5 c5 35.dxc5+ Kxc5 36.Nxg6 Kb4
37.Kc2 Nc5 38.Ne7 d4 39.exd4 Nxb3 40.Nxf5 Kxa4 41.h5 b5 42.d5 Ka3 43.Nxh6 Nd4+
44.Kd3 b4 45.Ng4 b3 46.Ne5 Ka2 47.Nc4 Nf5 48.Kc3 a4 49.Kb4 a3 50.Nxa3 b2
51.Ka4 Nd6 52.h6 Nc4 53.h7 Nxa3 54.h8=Q b1=Q 55.Qh2+ Nc2 56.Qd2 Qb3+ 57.Ka5 Qc4
58.Kb6 Kb3 59.d6 Nd4 60.Qd1+ Kb4 61.Qe1+ Kb3 62.Qb1+ Ka3 63.Qa1+ Kb3 64.Qb1+ Ka3
65.Qa1+  1/2-1/2

[Event "9th Edmonton Int 2014"]
[Site "Edmonton CAN"]
[Date "2014.06.26"]
[Round "6.1"]
[White "Krush,I"]
[Black "Ivanchuk,V"]
[Result "1/2-1/2"]
[WhiteElo "2484"]
[BlackElo "2738"]

1.d4 Nf6 2.c4 e6 3.Nc3 Bb4 4.e3 c5 5.Bd3 d5 6.Nf3 cxd4 7.exd4 dxc4 8.Bxc4 Qc7
9.Qd3 O-O 10.O-O Bxc3 11.bxc3 Nbd7 12.Bg5 b6 13.Bh4 Nh5 14.Bb3 Bb7 15.Ng5 Ndf6
16.f3 Rac8 17.Rac1 Rfd8 18.Rfe1 Bd5 19.Ne4 Qf4 20.Nxf6+ Nxf6 21.Bf2 Bxb3
22.axb3 Nd5 23.Bg3 Qf6 24.Qd2 a5 25.c4 Nb4 26.Bf2 h6 27.Rcd1 Rd7 28.Qe2 Qf5
29.Rd2 b5 30.d5 bxc4 31.dxe6 Rxd2 32.Qxd2 cxb3 33.Qd7 Rf8 34.Qa4 fxe6 35.Qxb3 Rf6
36.Bd4 Nc2 37.Re4 Nxd4 38.Rxd4 Qc5 39.Qe3 Qb6 40.Kf2 Rf5 41.Re4 Qb2+ 42.Qe2 Qxe2+
43.Kxe2 Kf7 44.Rc4 Rb5 45.Rc7+ Kf6 46.Ra7 Rb2+ 47.Kf1 Ra2 48.h4 g6 49.Kg1 a4
50.Kh2 a3 51.Ra5 Ke7 52.Ra6 Kd7 53.Kg3 Ke7 54.Kh3 Ra1 55.Kg3 Kf6 56.Kf4 Ra2
57.g4 g5+ 58.hxg5+ hxg5+ 59.Kg3 Ra1 60.Ra5 e5 61.Kg2 Ke6 62.Kf2 Ra2+ 63.Kg3 Kd6
64.Kh3 Kc6 65.Rxe5 Kb6 66.Re6+ Kb5 67.Re5+ Kb4 68.Re4+ Kc3 69.Re3+ Kd2 70.Re5 Ra1
71.Kg2 a2 72.Ra5 Kc3 73.Ra8 Kb3 74.Rb8+ Kc3 75.Rc8+ Kb3 76.Rb8+ Kc3 77.Rc8+ Kb3
78.Rb8+ Kc3 79.Ra8 Kb3 80.Rb8+ Kc3  1/2-1/2

[Event "9th Edmonton Int 2014"]
[Site "Edmonton CAN"]
[Date "2014.06.27"]
[Round "7.4"]
[White "Yam,Alex"]
[Black "Krush,I"]
[Result "1-0"]
[WhiteElo "2299"]
[BlackElo "2484"]

1.e4 e6 2.d3 d5 3.Nd2 c5 4.Ngf3 Nc6 5.g3 Bd6 6.Bg2 Nge7 7.O-O O-O 8.Re1 Bc7
9.c3 d4 10.Nb3 b6 11.cxd4 cxd4 12.e5 Rb8 13.Bg5 Bb7 14.Rc1 Re8 15.Qd2 Qd7
16.h4 Ng6 17.Bf6 gxf6 18.exf6 Bd8 19.Qg5 Kh8 20.Nbxd4 Rg8 21.Rxc6 Bxc6 22.Nxc6 Qxc6
23.Qh5 Nf4 24.gxf4 Rxg2+ 25.Kxg2 Bxf6 26.Qxf7 Rg8+ 27.Kf1 Bxb2 28.Ng5 Qh1+
29.Ke2 Qxh4 30.Rg1 Bg7 31.Rg3 Rc8 32.Nf3 Qf6 33.Qxa7 Bh6 34.Ne5 Rf8 35.Qxb6 Qxf4
36.Qe3 Qf6 37.Qd4 Bf4 38.Rf3 Kg8 39.Nc6 e5 40.Qd5+ Kg7 41.d4 exd4 42.Nxd4 Qa6+
43.Nb5 Qg6 44.Qd4+ Kg8 45.Rxf4 Qc2+ 46.Kf3 Qc6+ 47.Qe4 Rxf4+ 48.Kxf4 Qxb5
49.Qe6+  1-0

[Event "9th Edmonton Int 2014"]
[Site "Edmonton CAN"]
[Date "2014.06.29"]
[Round "9.4"]
[White "Pechenkin,V"]
[Black "Krush,I"]
[Result "1/2-1/2"]
[WhiteElo "2311"]
[BlackElo "2484"]

1.c4 e6 2.g3 d5 3.Bg2 Nf6 4.Nf3 Be7 5.O-O O-O 6.d4 dxc4 7.Qc2 a6 8.Qxc4 b5
9.Qc2 Bb7 10.Bd2 Be4 11.Qc1 Nc6 12.Be3 Rc8 13.Rd1 Na5 14.Nbd2 Bb7 15.Ne5 Bxg2
16.Kxg2 Qd5+ 17.Ndf3 Qb7 18.Qc2 c5 19.dxc5 Nd5 20.Bd4 f6 21.Nd3 e5 22.e4 exd4
23.exd5 Qxd5 24.b4 Nc6 25.Qb3 Qc4 26.Rdc1 Qf7 27.Qxf7+ Kxf7 28.a4 Rb8 29.axb5 Rxb5
30.Rc4 a5 31.bxa5 Rxa5 32.Rxa5 Nxa5 33.Rxd4 Rc8 34.Rd7 Nb3 35.c6 Na5 36.Nf4 Nxc6
37.Nd5 Ke6 38.Nxe7 Kxd7 39.Nxc8 Kxc8 40.h4  1/2-1/2

[Event "41st Olympiad Women 2014"]
[Site "Tromso NOR"]
[Date "2014.08.02"]
[Round "1.7"]
[White "Tuominen,T"]
[Black "Krush,I"]
[Result "0-1"]
[WhiteElo "2103"]
[BlackElo "2474"]

1.e4 c5 2.c3 b6 3.d4 Bb7 4.Bd3 Nf6 5.Qe2 cxd4 6.cxd4 Nc6 7.Nf3 Nb4 8.Nc3 Nxd3+
9.Qxd3 e6 10.Bg5 Be7 11.d5 exd5 12.exd5 d6 13.O-O O-O 14.Rad1 h6 15.Bf4 Re8
16.Nd4 Bf8 17.Qf3 Nd7 18.Nc6 Qf6 19.Rfe1 g5 20.Qg4 Nc5 21.Be3 Bc8 22.Qh5 Bd7
23.h4 gxh4 24.Rd4 Bf5 25.Rxh4 Bg6 26.Rg4 Bg7 27.Qh2 a6 28.Rf1 Nd3 29.Bd4 Qf5
30.Rh4 Qg5 31.Bxg7 Kxg7 32.Rh3 Qd2 33.Qxd6 Re1 34.Rxe1 Qxe1+ 35.Kh2 Nxf2
36.Rf3 Ng4+ 37.Kh3 h5 38.Rf4 Qh1+ 39.Kg3 h4+ 40.Kf3 Qf1+  0-1

[Event "41st Olympiad Women 2014"]
[Site "Tromso NOR"]
[Date "2014.08.03"]
[Round "2.7"]
[White "Krush,I"]
[Black "Goossens,H"]
[Result "1-0"]
[WhiteElo "2474"]
[BlackElo "2178"]

1.d4 Nf6 2.c4 e6 3.Nc3 Bb4 4.Qc2 O-O 5.a3 Bxc3+ 6.Qxc3 b5 7.cxb5 c6 8.f3 cxb5
9.e4 a6 10.Bd3 Nc6 11.Ne2 Bb7 12.Be3 Rc8 13.Qd2 Na5 14.Qd1 Nc4 15.Bc1 Qa5+
16.b4 Qb6 17.O-O Rc7 18.Kh1 Rfc8 19.Qe1 d6 20.Qg3 Nh5 21.Qh4 g6 22.Bg5 Ng7
23.Bd8 Qc6 24.Bxc7 Qxc7 25.Bxc4 bxc4 26.Nc3 Qb6 27.Qf2 h5 28.Rfd1 d5 29.Na4 Qc6
30.Nc5 Rd8 31.Re1 dxe4 32.fxe4 Ba8 33.Rac1 Qb5 34.Qf6 Re8 35.Rf1 Rf8 36.Rf2 Ne8
37.Qe7  1-0

[Event "41st Olympiad Women 2014"]
[Site "Tromso NOR"]
[Date "2014.08.04"]
[Round "3.1"]
[White "Krush,I"]
[Black "Hou Yifan"]
[Result "0-1"]
[WhiteElo "2474"]
[BlackElo "2661"]

1.d4 e6 2.c4 Nf6 3.Nf3 b6 4.a3 Bb7 5.Nc3 d5 6.Bg5 Be7 7.Qa4+ Bc6 8.Qc2 dxc4
9.e3 b5 10.a4 b4 11.Bxf6 gxf6 12.Nb1 Bxf3 13.gxf3 c5 14.dxc5 Nd7 15.c6 Ne5
16.Bxc4 Qa5 17.Ke2 Rc8 18.Nd2 O-O 19.b3 Rxc6 20.f4 Nxc4 21.Rag1+ Kh8 22.Nxc4 Qh5+
23.f3 Rcc8 24.Rg3 Rg8 25.Qb1 Rcd8 26.Kf2 Rg6 27.Kg2 Rdg8 28.Qe1 Rh6 29.Rxg8+ Kxg8
30.Kf2 Rg6 31.Qf1 Kh8 32.Ke2 Rg8 33.Qf2 Qf5 34.Rc1 Rd8 35.Ke1 Bc5 36.Qe2 Rd3
37.e4 Qxf4 38.Qxd3 Qxc1+ 39.Qd1 Qg5 40.Qe2 Bd4 41.Kd1 Qg1+ 42.Kc2 Qa1 43.Qd2 Bc3
44.Qd6 Qa2+ 45.Kc1 Qg2 46.Qb8+ Kg7 47.Qxa7 Qh1+ 48.Kc2 Qxh2+ 49.Kd3 Qh1 50.Ne3 Qb1+
51.Kc4 Qb2 52.Qd7 h5 53.a5 Qa2 54.Kb5 h4 55.a6 h3 56.Qd1 Be5 57.Ng4 h2 58.Kb6 Qg2
59.Nxh2 Bxh2 60.a7 Qg1+ 61.Qxg1+ Bxg1+ 62.Kb7 Bxa7 63.Kxa7 Kg6 64.Kb6 Kg5
65.Kc5 Kf4 66.Kxb4 Kxf3 67.Kc5 Kxe4 68.b4 f5 69.b5 f4 70.b6 f3 71.b7 f2 72.b8=Q f1=Q
73.Qb7+ Ke3 74.Kd6 Qf6 75.Qb3+ Kf4 76.Qc4+ Kg5 77.Kd7 Qe5 78.Ke7 f5 79.Qc1+ f4
80.Qg1+ Kf5 81.Qb1+ Qe4 82.Qb5+ Kg4 83.Qf1 f3 84.Qg1+ Kf5 85.Kf7 Qb7+ 86.Kf8 e5
87.Qg3 Qc8+ 88.Kg7 Qd7+ 89.Kh6 Qd2+ 90.Kh7 Qg2 91.Qh4 Qg6+  0-1

[Event "41st Olympiad Women 2014"]
[Site "Tromso NOR"]
[Date "2014.08.05"]
[Round "4.23"]
[White "Richmond,J"]
[Black "Krush,I"]
[Result "0-1"]
[WhiteElo "2085"]
[BlackElo "2474"]

1.e4 e6 2.d4 d5 3.Nc3 Bb4 4.e5 b6 5.Bd2 Ne7 6.f4 O-O 7.Nf3 Bxc3 8.Bxc3 Ba6
9.Bxa6 Nxa6 10.Qd3 Nb8 11.Ng5 Ng6 12.h4 Re8 13.Nxh7 Nxf4 14.Qf3 Kxh7 15.Qxf4 Qe7
16.O-O-O c5 17.g4 Nc6 18.h5 cxd4 19.Bxd4 Nxd4 20.Rxd4 f6 21.h6 g5 22.Qe3 Rf8
23.Re1 f5 24.Qd3 Qf7 25.c4 Rac8 26.Kd1 Rxc4 27.Rxc4 dxc4 28.Qxc4 fxg4 29.Qxg4 Qf5
30.Qd4 Kxh6 31.Qd7 Qb1+ 32.Ke2 Qc2+ 33.Ke3 Qf2+ 34.Kd3 Rf3+  0-1

[Event "41st Olympiad Women 2014"]
[Site "Tromso NOR"]
[Date "2014.08.06"]
[Round "5.10"]
[White "Mammadova,G"]
[Black "Krush,I"]
[Result "1-0"]
[WhiteElo "2334"]
[BlackElo "2474"]

1.e4 e6 2.d4 d5 3.Nc3 Bb4 4.e5 c5 5.a3 Bxc3+ 6.bxc3 Ne7 7.Nf3 Qc7 8.h4 Bd7
9.Bd3 c4 10.Be2 Ba4 11.h5 h6 12.Rh4 Nbc6 13.Rg4 Rg8 14.Rf4 Rf8 15.Nh4 Nb8
16.Rb1 Nd7 17.Rb4 a5 18.Rb2 Ra6 19.Be3 Rb6 20.Qc1 Rxb2 21.Qxb2 Qb6 22.Qc1 Nb8
23.g4 Nd7 24.Rf3 f6 25.exf6 Nxf6 26.g5 hxg5 27.Bxg5 Neg8 28.Ng6 Rf7 29.Ne5 Rf8
30.Ng6 Rf7 31.Kf1 Qd6 32.Bf4 Qb6 33.Be5 Kd8 34.Nh8 Rf8 35.Ng6 Rf7 36.Nh8 Re7
37.h6 Nxh6 38.Bxf6 gxf6 39.Qxh6 Qb1+ 40.Kg2 Qxc2 41.Qxf6 Be8 42.Rg3 Kd7 43.Bf3 Qb3
44.Qe5 Qxa3 45.Qb8 Kc6 46.Rg8 b6 47.Bg4 Bd7 48.Ng6 Rh7 49.Nf8 Re7 50.Nxd7 Rxd7
51.Qc8+ Rc7 52.Qe8+  1-0

[Event "41st Olympiad Women 2014"]
[Site "Tromso NOR"]
[Date "2014.08.08"]
[Round "6.8"]
[White "Krush,I"]
[Black "Narva,M"]
[Result "1/2-1/2"]
[WhiteElo "2474"]
[BlackElo "2205"]

1.d4 Nf6 2.c4 e5 3.dxe5 Ng4 4.e4 Nxe5 5.a3 a5 6.Be3 Nbc6 7.f4 Ng6 8.Nc3 d6
9.Nf3 Be7 10.Bd3 O-O 11.O-O f5 12.Qc2 Nxf4 13.Bxf4 fxe4 14.Bxe4 Rxf4 15.Bxh7+ Kh8
16.Nd5 Rf8 17.Rae1 Bf6 18.Nxf6 Rxf6 19.Ng5 Ne5 20.Rxf6 Qxf6 21.Rf1 Qe7 22.Qe4 g6
23.h4 Bf5 24.Qxb7 Rf8 25.Qd5 c5 26.Qd2 Bd3 27.Re1 Qf6 28.h5 Nxc4 29.Qc3 Ne5
30.Qd2 d5 31.Bxg6 Bxg6 32.hxg6 Nxg6 33.Ne6 Rf7 34.Nxc5 Ne5 35.Qe2 Kg8 36.b4 axb4
37.axb4 d4 38.Rf1 Qg5 39.Rxf7 Kxf7 40.Qf2+ Kg6 41.Ne4 Qc1+ 42.Qf1 Qe3+ 43.Nf2 d3
44.Qd1 d2 45.Kf1 Nd3 46.Nxd3 Qxd3+ 47.Kf2 Kf5 48.g3 Ke4 49.Qg4+ Kd5 50.Qd1 Kd4
51.b5 Qe3+ 52.Kf1 Qc3 53.Qg4+ Kd3 54.Qf5+ Ke3 55.Qf4+ Kd3 56.Qf5+ Ke3 57.Qf4+ Kd3
58.Qf5+  1/2-1/2

[Event "41st Olympiad Women 2014"]
[Site "Tromso NOR"]
[Date "2014.08.09"]
[Round "7.5"]
[White "Danielian,E"]
[Black "Krush,I"]
[Result "1-0"]
[WhiteElo "2490"]
[BlackElo "2474"]

1.d4 Nf6 2.c4 e6 3.Nc3 Bb4 4.e3 O-O 5.Ne2 d5 6.a3 Bd6 7.c5 Be7 8.b4 b6 9.Ng3 a5
10.Bb2 c6 11.Bd3 Ba6 12.O-O Bxd3 13.Qxd3 Na6 14.Na4 Nd7 15.Bc3 axb4 16.axb4 Nc7
17.cxb6 Nb5 18.b7 Rb8 19.Rfc1 Qc7 20.Bd2 Rxb7 21.e4 Nb6 22.Nc5 Ra7 23.Nh5 Rxa1
24.Rxa1 g6 25.Bf4 dxe4 26.Bxc7 exd3 27.Bxb6 d2 28.Rd1 gxh5 29.Rxd2 Rb8 30.Ba5 h4
31.g4 hxg3 32.hxg3 Nc3 33.Rc2 Bxc5 34.dxc5 Nd5 35.Rc4 f5 36.Kf1 Kf7 37.Ke2 h5
38.Kd3 e5 39.Rh4 Kg6 40.Kc4 f4 41.Rh1 Kg5 42.Re1 Kf5 43.Rb1 e4 44.gxf4 h4
45.Rh1 Kg4 46.f5 h3 47.f6 Nxf6 48.Kd4 Rh8 49.Bc7 Kf3 50.Be5 Rh6 51.Bxf6 Kg2
52.Rxh3 Kxh3 53.Bg5 Re6 54.Kc4 Kg4 55.Be3 Kf5 56.b5 Ke5 57.Bd4+ Kf5 58.bxc6 Rxc6
59.Kd5 Rc8 60.c6 Rd8+ 61.Kc5 Ke6 62.c7 Rc8 63.Kc6 Rg8 64.Be3 Rc8 65.Bg5 Kf5
66.Bh4 Kg4 67.Bf6 Kf5 68.Be7 Ke6 69.Bd8  1-0

[Event "41st Olympiad Women 2014"]
[Site "Tromso NOR"]
[Date "2014.08.11"]
[Round "9.10"]
[White "Krush,I"]
[Black "Mijovic,A"]
[Result "0-1"]
[WhiteElo "2474"]
[BlackElo "2170"]

1.d4 Nf6 2.Nf3 e6 3.c4 Nc6 4.a3 d6 5.Nc3 g6 6.e4 Bg7 7.Be2 d5 8.e5 Ne4 9.Be3 h6
10.h4 a6 11.h5 g5 12.Nxe4 dxe4 13.Nh2 f5 14.exf6 Qxf6 15.Ng4 Qf5 16.O-O e5
17.dxe5 Nxe5 18.Nxe5 Qxe5 19.Bg4 O-O 20.Rb1 Bxg4 21.Qxg4 Rad8 22.Rfd1 Rd3
23.Rxd3 exd3 24.Qd7 Qd6 25.Qxd6 cxd6 26.b3 d5 27.c5 d4 28.Bd2 Kf7 29.Rd1 Ke6
30.g4 Kd5 31.Kg2 Rf7 32.f4 gxf4 33.Kf3 Bf6 34.Bc1 Bg5 35.Rxd3 Kxc5 36.Bb2 Bf6
37.Kxf4 Kd5 38.Kf5 Be5+ 39.Kg6 Rg7+ 40.Kxh6 Rxg4 41.Rd1 Bf4+ 42.Kh7 Be3 43.Rf1 Rg2
44.Ba1 Rg1 45.Rf5+ Ke4 46.Bxd4 Bxd4 47.Rf7 b6 48.h6 Rg3 49.b4 Rxa3 50.Kg8 Rc3
51.Ra7 Kf5 52.Rd7 Be5 53.Rb7 Rc8+ 54.Kf7 Rc7+ 55.Rxc7 Bxc7  0-1

[Event "41st Olympiad Women 2014"]
[Site "Tromso NOR"]
[Date "2014.08.14"]
[Round "11.9"]
[White "Krush,I"]
[Black "Lujan,C"]
[Result "1-0"]
[WhiteElo "2474"]
[BlackElo "2367"]

1.d4 f5 2.c4 Nf6 3.Nc3 e6 4.e3 d6 5.Bd3 e5 6.f3 g6 7.Nge2 Bg7 8.O-O O-O 9.b4 Nc6
10.a3 exd4 11.exd4 Nh5 12.Be3 f4 13.Bf2 Ne7 14.d5 Nf5 15.Bxf5 Rxf5 16.Ra2 Rg5
17.Kh1 Ng3+ 18.hxg3 fxg3 19.Bxg3 Rxg3 20.Nxg3 Qh4+ 21.Kg1 Bxc3 22.Ne2 Bg7
23.f4 Bg4 24.Qd3 Re8 25.Nd4 Re1 26.Rf2 Re7 27.Ne6 Bf5 28.Qd2 Bf6 29.Re2 c5
30.dxc6 bxc6 31.Qxd6 Bxe6 32.Rxe6 Bd4+ 33.Qxd4 Rxe6 34.Qxa7 Qg3 35.b5 cxb5
36.cxb5 Qb3 37.a4 Qb4 38.Kh2 Re4 39.b6 Re7 40.Qa8+ Kg7 41.a5 Qb5 42.Rc1 Qh5+
43.Kg1 Qh4 44.Rf1 Qh5 45.f5 gxf5 46.Qf3  1-0

[Event "Qatar Masters Open 2014"]
[Site "Doha QAT"]
[Date "2014.11.26"]
[Round "1.23"]
[White "Kuzubov,Y"]
[Black "Krush,I"]
[Result "1-0"]
[WhiteElo "2661"]
[BlackElo "2453"]

1.e4 c5 2.Nf3 e6 3.g3 Nc6 4.Bg2 Nf6 5.d3 d6 6.O-O Be7 7.Re1 O-O 8.c3 Bd7
9.d4 cxd4 10.cxd4 d5 11.e5 Ne4 12.Nbd2 Nxd2 13.Bxd2 b5 14.h4 Qb6 15.Be3 Rfc8
16.Bf1 Nb4 17.Re2 Rc7 18.Ne1 Rac8 19.Rd2 Be8 20.h5 Kh8 21.Kg2 Qb7 22.Kh2 Qb6
23.a3 Nc6 24.b4 a5 25.h6 g6 26.Rb1 axb4 27.axb4 Nxb4 28.Rdb2 Na6 29.Bxb5 Bxb5
30.Rxb5 Qc6 31.Rb6 Qc4 32.Rc1 Qxc1 33.Bxc1 Rxc1 34.Qf3 Kg8 35.Rxa6 Bg5 36.Nd3 R1c4
37.Nc5  1-0

[Event "Qatar Masters Open 2014"]
[Site "Doha QAT"]
[Date "2014.11.27"]
[Round "2.68"]
[White "Krush,I"]
[Black "Pourkashiyan,A"]
[Result "1-0"]
[WhiteElo "2453"]
[BlackElo "2312"]

1.c4 e6 2.g3 d5 3.Bg2 Nf6 4.Nf3 Be7 5.O-O O-O 6.b3 c5 7.Bb2 Nc6 8.e3 b6 9.Nc3 Bb7
10.cxd5 exd5 11.d4 Re8 12.Ne5 Bf8 13.Nxc6 Bxc6 14.Qd3 Qd7 15.Rfd1 Rad8 16.Rac1 h6
17.Qc2 Rc8 18.dxc5 bxc5 19.Na4 Bxa4 20.bxa4 d4 21.Qc4 Qf5 22.exd4 cxd4 23.Qb5 Rxc1
24.Rxc1 Qxb5 25.axb5 d3 26.Rd1 Bc5 27.Rxd3 Re2 28.Bd4 Bxd4 29.Rxd4 Rxa2 30.Rd8+ Kh7
31.Bf1 g6 32.Bc4 Ra1+ 33.Kg2 Kg7 34.Rc8 Ne4 35.Rc7 Nd6 36.Bd5 g5 37.Rd7 Nxb5
38.Rxf7+ Kg6 39.Rb7 Nd6 40.Rd7 Nf5 41.Be4 Kf6 42.Rd8 Ra5 43.Rf8+ Ke6 44.Rh8 Ra6
45.Bb7 Ra5 46.Bc8+ Ke7 47.Rh7+ Kd8 48.Bxf5 Rxf5 49.Rxh6 a5 50.h4 gxh4 51.Rxh4 Rf6
52.Ra4 Ra6 53.f4 Ke7 54.Kf3 Kf6 55.g4 Kg6 56.Ke4 Ra8 57.Ke5 Re8+ 58.Kd5 Ra8
59.Kc5 Kh7 60.Kb5 Rg8 61.f5 Kh6 62.Kxa5 Kg5 63.Kb5 Rf8 64.Kc5 Rf6 65.Kd5 Rb6
66.Rd4 Ra6 67.Ke5 Ra5+ 68.Ke6 Ra1 69.Ke7 Ra7+ 70.Rd7 Ra6 71.Rd6 Ra7+ 72.Ke6 Ra1
73.f6 Kg6 74.g5 Re1+ 75.Kd7 Re5 76.Kd8 Re4 77.Rd7 Kxg5 78.f7 Rf4 79.Ke8 Re4+
80.Re7  1-0

[Event "Qatar Masters Open 2014"]
[Site "Doha QAT"]
[Date "2014.11.29"]
[Round "4.28"]
[White "Romanov,E"]
[Black "Krush,I"]
[Result "1/2-1/2"]
[WhiteElo "2636"]
[BlackElo "2453"]

1.Nf3 c5 2.c4 Nc6 3.d4 cxd4 4.Nxd4 Nf6 5.Nc3 e6 6.a3 Be7 7.e4 O-O 8.Nf3 Qc7
9.Be2 b6 10.O-O Bb7 11.Bg5 Rfd8 12.Rc1 Rac8 13.Bh4 Qf4 14.Bg3 Qh6 15.Re1 Nh5
16.Bd6 Bxd6 17.Qxd6 Nf6 18.b4 Ne8 19.Qd2 Qxd2 20.Nxd2 Nd4 21.Bf1 e5 22.f3 Kf8
23.Ne2 Nxe2+ 24.Bxe2 d6 25.Ra1 Nc7 26.Nb3 Ra8 27.Rec1 Rdc8 28.Rab1 Ne6 29.Bf1 Rc7
30.Kf2 Ke7 31.g3 Bc6 32.Ke3 g5 33.Bh3 Bd7 34.Bf5 h6 35.Nd2 a5 36.b5 Rac8
37.Rh1 Nd4 38.Bxd7 Kxd7 39.Kd3 f5 40.exf5 Nxf5 41.Rbe1 Ke6 42.f4 gxf4 43.gxf4 Rg7
44.Rhg1 Rxg1 45.Rxg1 exf4 46.Rg6+ Kf7 47.Rg4 Re8 48.Ne4 d5 49.cxd5 Re5 50.Rxf4  1/2-1/2

[Event "Qatar Masters Open 2014"]
[Site "Doha QAT"]
[Date "2014.12.01"]
[Round "6.39"]
[White "Krush,I"]
[Black "Sandipan,C"]
[Result "1/2-1/2"]
[WhiteElo "2453"]
[BlackElo "2603"]

1.d4 d5 2.c4 e6 3.Nc3 Be7 4.cxd5 exd5 5.Bf4 Nf6 6.e3 O-O 7.Bd3 c5 8.Nge2 Nc6
9.O-O c4 10.Bc2 Bg4 11.f3 Be6 12.b3 cxb3 13.Bxb3 Na5 14.Bg5 Rc8 15.Rc1 h6
16.Bxf6 Bxf6 17.Nxd5 Bg5 18.Rxc8 Qxc8 19.Nef4 Nxb3 20.axb3 Qd7 21.e4 Rd8
22.Qd3 Bxf4 23.Nxf4 Qxd4+ 24.Qxd4 Rxd4 25.Nxe6 fxe6 26.Rc1 Rd3 27.b4 Rb3
28.Rc4 b5 29.Rc7 a6 30.Rc6 Rxb4 31.Rxa6 Kf7 32.h4 Rb2 33.h5 b4 34.Rb6 b3
35.Kh2 Ke7 36.Kg3 Kd7 37.Rb4 Kc6 38.Rb8 Kc7 39.Rb4 Kc6 40.Rb8 e5 41.f4 Kd6
42.Rb5 exf4+ 43.Kxf4 Rf2+ 44.Kg3 Rb2 45.Kf4 Rxg2 46.Rxb3 Rg5  1/2-1/2

[Event "Qatar Masters Open 2014"]
[Site "Doha QAT"]
[Date "2014.12.02"]
[Round "7.37"]
[White "Krush,I"]
[Black "Miton,K"]
[Result "1/2-1/2"]
[WhiteElo "2453"]
[BlackElo "2601"]

1.d4 d5 2.c4 e6 3.Nc3 Bb4 4.a3 Bxc3+ 5.bxc3 c5 6.cxd5 exd5 7.e3 c4 8.e4 Nf6
9.e5 Ne4 10.Ne2 Bg4 11.Qc2 Nc6 12.Be3 Bxe2 13.Bxe2 O-O 14.f3 Ng5 15.Bxg5 Qxg5
16.O-O b5 17.f4 Qd8 18.Bf3 a5 19.Qd2 Rb8 20.Rab1 Qd7 21.Rb2 Rb6 22.Rfb1 Rfb8
23.Kh1 Ne7 24.g3 Qd8 25.Kg2 g6 26.g4 Kg7 27.Kh1 Kh8 28.f5 gxf5 29.gxf5 Nxf5
30.Qf4 Nh4 31.Qxf7 Nxf3 32.Qxf3 Qd7 33.Rg2 Rg6 34.Rxg6 hxg6 35.Qf6+ Kh7 36.Rf1 Qg4
37.Qf7+ Kh6 38.Qxd5 b4 39.axb4 axb4 40.cxb4 c3 41.e6 c2 42.Qg2 Qxe6 43.Qd2+ Kg7
44.Qxc2 Qd5+ 45.Qg2 Qxg2+ 46.Kxg2 Rxb4 47.Rd1 Rb3 48.Rd2 Kf6 49.d5 Ke7 50.Re2+ Kd6
51.Re6+ Kxd5 52.Rxg6 Ke5 53.h4 Kf5 54.h5 Rb2+ 55.Kh3 Rb3+ 56.Rg3 Rxg3+ 57.Kxg3 Kg5
58.h6 Kxh6  1/2-1/2

[Event "Qatar Masters Open 2014"]
[Site "Doha QAT"]
[Date "2014.12.03"]
[Round "8.36"]
[White "Mchedlishvili,M"]
[Black "Krush,I"]
[Result "1/2-1/2"]
[WhiteElo "2622"]
[BlackElo "2453"]

1.d4 Nf6 2.c4 e6 3.Nf3 b6 4.g3 Bb4+ 5.Bd2 Be7 6.Nc3 Bb7 7.Bg2 c6 8.Qc2 d5
9.b3 c5 10.cxd5 Nxd5 11.dxc5 Bxc5 12.O-O Nd7 13.Nxd5 Bxd5 14.Rad1 Rc8 15.Qb1 Nf6
16.Bf4 Qe7 17.Be5 h6 18.Qa1 O-O 19.Ne1 Bxg2 20.Kxg2 Qb7+ 21.Nf3 Be7 22.Qb2 b5
23.Rd3 Qe4 24.Rfd1 a6 25.Bc3 Rc7 26.Be5 Rc6 27.Rd4 Qc2 28.Qxc2 Rxc2 29.R4d2 Rfc8
30.Rxc2 Rxc2 31.Rd2 Rc8 32.Ne1 Kf8 33.Rc2 Rxc2 34.Nxc2  1/2-1/2